000 00617nam a2200253Ia 4500
003 OSt
005 20220924121900.0
006 a|||||r|||| 00| 0
007 ta
008 220923b |||||||| |||| 00| 0 ben d
020 _c35.00
024 _a293192
037 _cTextual
040 _aARTS
_cARTS
_bben
041 _2ben
_aben
082 _aO157,1M61:g, N31
100 _aGhosh
_9104906
245 0 _aChhandomay jjban
260 _aKolkata
_c1993
300 _a159p.
_ccm.
650 _aBENGALI LITERATURE
942 _hO157,1M61:g, N31
_cTEXL
_2CC
999 _c409407
_d409407